[Event "Oberliga Bayern 0607"]
[Site "Bayern"]
[Date "2007.04.01"]
[Round "8.6"]
[White "Habermann, Jochen"]
[Black "Wengler, Joerg"]
[Result "1-0"]
[WhiteElo "2129"]
[BlackElo "2104"]
[PlyCount "103"]
[EventDate "2006.10.15"]
[EventType "team-tourn"]
[EventRounds "9"]
[EventCountry "GER"]
[SourceTitle "EXT 2008"]
[Source "ChessBase"]
[SourceDate "2007.11.25"]
[SourceVersion "1"]
[SourceVersionDate "2007.11.25"]
[SourceQuality "1"]
[WhiteTeam "Muenchen 36"]
[BlackTeam "Bayern Muenchen II"]
[WhiteTeamCountry "GER"]
[BlackTeamCountry "GER"]

1. e4 c6 2. d4 d5 3. Nc3 dxe4 4. Nxe4 Bf5 5. Ng3 Bg6 6. Nf3 Nf6 7. Bc4 Nbd7 8. Qe2 e6 9. a3 Be7 10. 0-0 0-0 11. Re1 Re8 12. Ba2 c5 13. Be3 Qc7 14. c4 b6 15. Bb1 Bf8 16. Bxg6 hxg6 17. Rad1 Rac8 18. b3 Red8 19. Bc1 Qb8 20. Ne4 Qb7 21. Neg5 Re8 22. Qd3 cxd4 23. Qxd4 Rcd8 24. Qh4 Be7 25. Bb2 Qc7 26. Rd3 Nh5 27. g4 Nhf6 28. Nxf7 Kxf7 29. Ng5+ Kg8 30. Rh3 Nh5 31. gxh5 Qc5 32. Rg3 Nf8 33. hxg6 Qf5 34. Kg2 Rd2 35. Bd4 Rxd4 36. Qxd4 Bxg5 37. Re5 Bf6 38. Rxf5 Bxd4 39. Rf7 a5 40. Rb7 Rd8 41. h4 e5 42. h5 Ne6 43. Rf3 Rf8 44. Rxf8+ Kxf8 45. Kf3 Nf4 46. Ke4 Nxh5 47. f4 Nf6+ 48. Kf5 Ke8 49. Ke6 Kd8 50. fxe5 Kc8 51. Rxg7 Ng4 52. Rh7 1-0

[Event "Oberliga Bayern 0405"]
[Site "Bayern"]
[Date "2004.11.28"]
[Round "3.8"]
[White "Habermann, Jochen"]
[Black "Renner, Manfred"]
[Result "1-0"]
[WhiteElo "2104"]
[BlackElo "1970"]
[PlyCount "32"]
[EventDate "2004.10.24"]
[EventType "team-tourn"]
[EventRounds "9"]
[EventCountry "GER"]
[SourceTitle "EXT 2020"]
[Source "ChessBase"]
[SourceDate "2019.10.17"]
[SourceVersion "1"]
[SourceVersionDate "2019.10.17"]
[SourceQuality "1"]
[WhiteTeam "Muenchen 36"]
[BlackTeam "Kelheim SC"]
[WhiteTeamCountry "GER"]
[BlackTeamCountry "GER"]

1. e4 c5 2. Nf3 e6 3. d4 cxd4 4. Nxd4 Nf6 5. Bd3 Nc6 6. Nxc6 bxc6 7. c4 d5 8. cxd5 cxd5 9. exd5 Qa5+ 10. Nc3 Bb4 11. Bd2 Nxd5 12. 0-0 Bd7 13. Qg4 0-0 14. Nxd5 Bxd2 15. Nf6+ Kh8 16. Qe4 g6 1-0

[Event "Regionalliga SW 0203"]
[Site "Bayern"]
[Date "2002.12.15"]
[Round "3.8"]
[White "Habermann, Jochen"]
[Black "Demir, Bilal"]
[Result "1-0"]
[WhiteElo "2139"]
[BlackElo "2008"]
[PlyCount "65"]
[EventDate "2002.10.20"]
[EventType "team"]
[EventRounds "9"]
[EventCountry "GER"]
[SourceTitle "EXT 2004"]
[Source "ChessBase"]
[SourceDate "2003.11.25"]
[SourceVersion "1"]
[SourceVersionDate "2003.11.25"]
[SourceQuality "1"]
[WhiteTeam "Muenchen 36"]
[BlackTeam "Unterhaching"]
[WhiteTeamCountry "GER"]
[BlackTeamCountry "GER"]

1. e4 e6 2. d4 d5 3. exd5 exd5 4. Nf3 Bg4 5. c4 Bb4+ 6. Nc3 Ne7 7. a3 Bxc3+ 8. bxc3 0-0 9. Bd3 h6 10. 0-0 Nd7 11. cxd5 Nxd5 12. c4 N5f6 13. Bb2 Re8 14. h3 Bh5 15. Bf5 Nf8 16. Qb3 Bg6 17. Bxg6 Nxg6 18. Rfe1 b6 19. Rad1 Rxe1+ 20. Rxe1 Qd7 21. d5 Qd6 22. Nd4 Re8 23. Rxe8+ Nxe8 24. Nc6 a5 25. Qe3 Nf6 26. a4 Qd7 27. Bxf6 gxf6 28. Qxh6 Qd6 29. Qe3 Ne5 30. Qf4 Qa3 31. Nxe5 fxe5 32. Qg3+ Kf8 33. Qxa3+ 1-0

[Event "Regionalliga SW 0203"]
[Site "Bayern"]
[Date "2002.11.17"]
[Round "2.6"]
[White "Kalinin, Oleksandr"]
[Black "Habermann, Jochen"]
[Result "1/2-1/2"]
[WhiteElo "1970"]
[BlackElo "2139"]
[PlyCount "112"]
[EventDate "2002.10.20"]
[EventType "team"]
[EventRounds "9"]
[EventCountry "GER"]
[SourceTitle "EXT 2004"]
[Source "ChessBase"]
[SourceDate "2003.11.25"]
[SourceVersion "1"]
[SourceVersionDate "2003.11.25"]
[SourceQuality "1"]
[WhiteTeam "Muenchen Tarrasch II"]
[BlackTeam "Muenchen 36"]
[WhiteTeamCountry "GER"]
[BlackTeamCountry "GER"]

1. d4 d5 2. c4 dxc4 3. Nf3 Nf6 4. e3 a6 5. Bxc4 b5 6. Be2 Bb7 7. Nbd2 e6 8. a4 b4 9. a5 c5 10. 0-0 Nc6 11. Qa4 Nd7 12. Nb3 cxd4 13. Nfxd4 Nxd4 14. Nxd4 Bd6 15. Bf3 Bxf3 16. Nxf3 0-0 17. Bd2 Qe7 18. Rfd1 Nf6 19. Rac1 Rfc8 20. Rc2 Qb7 21. Rdc1 Rxc2 22. Qxc2 Rd8 23. Qc6 Qa8 24. Qxa8 Rxa8 25. Rc6 Be7 26. Nd4 Kf8 27. Kf1 Ke8 28. Rc4 Ng4 29. Nf3 Nf6 30. Bxb4 Rb8 31. Bc3 Bd8 32. Rc6 Nd5 33. Rxa6 Nxc3 34. bxc3 Rb5 35. Ra8 Rxa5 36. Rxa5 Bxa5 37. c4 Ke7 38. Ke2 Kd6 39. Kd3 f6 40. Nd4 g6 41. f3 Bb6 42. Nb3 Ba7 43. Nd2 f5 44. f4 e5 45. fxe5+ Kxe5 46. Nf3+ Kf6 47. e4 Bb6 48. exf5 Kxf5 49. Nd4+ Ke5 50. Ne2 Ba7 51. Nc3 Bg1 52. h3 h6 53. Nd5 h5 54. Ne3 Kf4 55. Nf1 g5 56. Ke2 h4 1/2-1/2

[Event "Landesliga Sued 0102"]
[Site "Bayern"]
[Date "2002.03.17"]
[Round "7.4"]
[White "Joerg, Harald"]
[Black "Habermann, Jochen"]
[Result "1-0"]
[WhiteElo "2235"]
[BlackElo "2125"]
[PlyCount "103"]
[EventDate "2001.10.07"]
[EventType "team-tourn"]
[EventRounds "9"]
[EventCountry "GER"]
[SourceTitle "EXT 2003"]
[Source "ChessBase"]
[SourceDate "2002.11.25"]
[SourceVersion "1"]
[SourceVersionDate "2002.11.25"]
[SourceQuality "1"]
[WhiteTeam "Muenchen Siemens"]
[BlackTeam "Muenchen 36"]
[WhiteTeamCountry "GER"]
[BlackTeamCountry "GER"]

1. e4 c5 2. f4 d5 3. Nc3 d4 4. Nce2 Nc6 5. Ng3 e5 6. fxe5 Nxe5 7. Nf3 Bd6 8. Bb5+ Bd7 9. Bxd7+ Qxd7 10. Nf5 Nxf3+ 11. Qxf3 Be5 12. 0-0 g6 13. Nh4 Bg7 14. d3 Nf6 15. h3 Qe6 16. Bf4 0-0 17. Qf2 Nd7 18. Nf3 Rac8 19. Qh4 f6 20. Qe1 Ne5 21. Bxe5 fxe5 22. b3 Bh6 23. Qh4 Be3+ 24. Kh1 Rf4 25. Qxh7+ Kxh7 26. Ng5+ Kh6 27. Nxe6 Rf2 28. Rxf2 Bxf2 29. Rf1 Bh4 30. Rf7 b6 31. Kh2 Re8 32. Nc7 Re7 33. Rxe7 Bxe7 34. Kg3 Kg5 35. h4+ Kh5 36. Kh3 Bd8 37. g4+ Kh6 38. Nb5 a6 39. Nd6 Kg7 40. Nc4 Kf6 41. g5+ Ke6 42. a4 Bc7 43. Kg4 Kf7 44. h5 Kg7 45. Nd2 Bb8 46. Nf3 Bc7 47. Nh4 gxh5+ 48. Kxh5 Bd8 49. Kg4 b5 50. axb5 axb5 51. Kf5 Bc7 52. Nf3 1-0

[Event "Landesliga Sued 0102"]
[Site "Bayern"]
[Date "2002.01.20"]
[Round "4.3"]
[White "Stoer, Andreas"]
[Black "Habermann, Jochen"]
[Result "0-1"]
[WhiteElo "2150"]
[BlackElo "2125"]
[PlyCount "94"]
[EventDate "2001.10.07"]
[EventType "team-tourn"]
[EventRounds "9"]
[EventCountry "GER"]
[SourceTitle "EXT 2003"]
[Source "ChessBase"]
[SourceDate "2002.11.25"]
[SourceVersion "1"]
[SourceVersionDate "2002.11.25"]
[SourceQuality "1"]
[WhiteTeam "Kriegshaber"]
[BlackTeam "Muenchen 36"]
[WhiteTeamCountry "GER"]
[BlackTeamCountry "GER"]

1. c4 c5 2. Nf3 Nf6 3. Nc3 Nc6 4. g3 g6 5. Bg2 Bg7 6. 0-0 0-0 7. d4 cxd4 8. Nxd4 a6 9. c5 Nxd4 10. Qxd4 Ne8 11. Qh4 Bf6 12. Qb4 Nc7 13. Rd1 Ne6 14. Be3 Qe8 15. Nd5 Bg7 16. Nb6 Rb8 17. Rd2 Be5 18. Rc1 Bc7 19. Nd5 Be5 20. f4 Bg7 21. Nb6 Nd8 22. Qe4 Nc6 23. Rcd1 d6 24. cxd6 exd6 25. Nxc8 Qxc8 26. Bb6 Re8 27. Qd5 Bf8 28. e4 Ra8 29. Rc1 Qg4 30. Qb3 Rac8 31. Rf1 Nb8 32. Bf3 Qh3 33. Qd1 h5 34. g4 Nd7 35. Bd4 Nc5 36. Re2 hxg4 37. Bg2 Qh5 38. Bc3 b5 39. Qd4 Ne6 40. Qb6 d5 41. Qxa6 Rxc3 42. bxc3 Bc5+ 43. Kh1 g3 44. Bf3 Qh3 45. Rg2 Nxf4 46. Qxb5 Nxg2 47. Qxe8+ Kh7 0-1

[Event "Oberliga Bayern 0001"]
[Site "Bayern"]
[Date "2001.04.29"]
[Round "9"]
[White "Albeker, Mark"]
[Black "Habermann, Jochen"]
[Result "0-1"]
[WhiteElo "2130"]
[BlackElo "2115"]
[PlyCount "80"]
[EventDate "2000.10.15"]
[EventType "team-tourn"]
[EventRounds "9"]
[EventCountry "GER"]
[SourceTitle "EXT 2020"]
[Source "ChessBase"]
[SourceDate "2019.10.17"]
[SourceVersion "1"]
[SourceVersionDate "2019.10.17"]
[SourceQuality "1"]
[WhiteTeam "Haunstetten TSV"]
[BlackTeam "Muenchen 36"]
[WhiteTeamCountry "GER"]
[BlackTeamCountry "GER"]

1. d4 d5 2. c4 dxc4 3. Nf3 Nf6 4. e3 a6 5. a4 Bf5 6. Bxc4 e6 7. 0-0 Be7 8. Nc3 0-0 9. Qe2 Ne4 10. Nd2 Nxd2 11. Bxd2 Nd7 12. e4 Bg6 13. Be3 Rc8 14. Rad1 Bb4 15. d5 e5 16. f3 Qe7 17. Ba2 Kh8 18. g4 Rfd8 19. Kg2 Bc5 20. Rd2 Bxe3 21. Qxe3 Nf8 22. Rh1 f6 23. h4 Bf7 24. h5 Rd6 25. Ne2 Qe8 26. Qa3 Rd7 27. Rc2 Qd8 28. Ng3 c6 29. Rhc1 Rb8 30. dxc6 bxc6 31. Nf5 Bxa2 32. Qxa2 Rd2+ 33. Kg3 Rb7 34. Qc4 g6 35. Qxc6 gxf5 36. Qxb7 f4+ 37. Kh3 Rxc2 38. Rxc2 Qd1 39. Qb3 Qf1+ 40. Kh4 Qe1+ 0-1

[Event "Oberliga Bayern 0001"]
[Site "Bayern"]
[Date "2000.11.12"]
[Round "2"]
[White "Zellner, Robert"]
[Black "Habermann, Jochen"]
[Result "1-0"]
[WhiteElo "2115"]
[BlackElo "2115"]
[PlyCount "83"]
[EventDate "2000.10.15"]
[EventType "team-tourn"]
[EventRounds "9"]
[EventCountry "GER"]
[SourceTitle "EXT 2020"]
[Source "ChessBase"]
[SourceDate "2019.10.17"]
[SourceVersion "1"]
[SourceVersionDate "2019.10.17"]
[SourceQuality "1"]
[WhiteTeam "Schwabing SG Nord"]
[BlackTeam "Muenchen 36"]
[WhiteTeamCountry "GER"]
[BlackTeamCountry "GER"]

1. d4 d5 2. c4 dxc4 3. Nf3 Nf6 4. Nc3 a6 5. e3 b5 6. a4 b4 7. Nb1 e6 8. Bxc4 Be7 9. 0-0 0-0 10. Qe2 c5 11. Rd1 Qc7 12. b3 cxd4 13. Nxd4 Nc6 14. Nxc6 Qxc6 15. f3 Bb7 16. Nd2 Rfd8 17. Bb2 Nd5 18. Ne4 f5 19. Rac1 Qe8 20. Ng3 a5 21. Kh1 Bg5 22. f4 Bh4 23. Qf3 Qf7 24. Be5 Rac8 25. e4 Nb6 26. Nxf5 Nxc4 27. Nxh4 Nxe5 28. Rxd8+ Rxd8 29. fxe5 Qe7 30. Qg4 Rd4 31. Nf3 Rd3 32. Ng5 h6 33. Qxe6+ Qxe6 34. Nxe6 Bxe4 35. h3 Rxb3 36. Re1 Bd5 37. Nc7 Bc4 38. e6 Bxe6 39. Nxe6 Rd3 40. Nc5 b3 41. Rb1 Kf7 42. Rxb3 1-0

[Event "Oberliga Bayern 0001"]
[Site "Bayern"]
[Date "2000.10.15"]
[Round "1"]
[White "Habermann, Jochen"]
[Black "Kaeppel, Roland"]
[Result "1-0"]
[WhiteElo "2115"]
[BlackElo "2120"]
[PlyCount "95"]
[EventDate "2000.10.15"]
[EventType "team-tourn"]
[EventRounds "9"]
[EventCountry "GER"]
[SourceTitle "EXT 2020"]
[Source "ChessBase"]
[SourceDate "2019.10.17"]
[SourceVersion "1"]
[SourceVersionDate "2019.10.17"]
[SourceQuality "1"]
[WhiteTeam "Muenchen 36"]
[BlackTeam "Nuernberg Noris Tarrasch"]
[WhiteTeamCountry "GER"]
[BlackTeamCountry "GER"]

1. e4 c6 2. d4 d5 3. Nc3 dxe4 4. Nxe4 Nd7 5. Ng5 Ngf6 6. Bd3 e6 7. Qe2 Bd6 8. N1f3 h6 9. Ne4 Nxe4 10. Bxe4 Nf6 11. Bd3 0-0 12. 0-0 b6 13. Bd2 Bb7 14. c4 Qe7 15. a3 Rad8 16. Rad1 a5 17. Rfe1 Rfe8 18. Bc3 c5 19. Bc2 cxd4 20. Nxd4 Nd7 21. Be4 Qh4 22. Nf3 Qxe4 23. Qxe4 Bxe4 24. Rxd6 Bxf3 25. gxf3 Nc5 26. Rxb6 Na4 27. Rb3 Rd3 28. Re3 Rd1+ 29. Kg2 Rc8 30. Bxa5 Rxc4 31. Re4 Rxe4 32. fxe4 Rb1 33. Rb4 Nc5 34. Rc4 Nd3 35. Bc3 Kh7 36. Rd4 Nf4+ 37. Kf3 g5 38. a4 Rh1 39. a5 Rxh2 40. Ke3 Rh3+ 41. Kd2 Rh2 42. a6 Rxf2+ 43. Ke1 Re2+ 44. Kd1 g4 45. Bd2 g3 46. Bxf4 g2 47. Bh2 Rxb2 48. Ra4 1-0

[Event "Oberliga Bayern 9900"]
[Site "Bayern"]
[Date "2000.01.09"]
[Round "4.6"]
[White "Schmidt, Gerhard3333"]
[Black "Habermann, Jochen"]
[Result "1/2-1/2"]
[WhiteElo "2346"]
[BlackElo "2255"]
[PlyCount "36"]
[EventDate "1999.10.10"]
[EventType "team-tourn"]
[EventRounds "9"]
[EventCountry "GER"]
[SourceTitle "EXT 2020"]
[Source "ChessBase"]
[SourceDate "2019.10.17"]
[SourceVersion "1"]
[SourceVersionDate "2019.10.17"]
[SourceQuality "1"]
[WhiteTeam "Muenchen FC Bayern"]
[BlackTeam "Muenchen 36"]
[WhiteTeamCountry "GER"]
[BlackTeamCountry "GER"]

1. d4 d5 2. Nf3 Nf6 3. c4 dxc4 4. Qa4+ Nbd7 5. Nc3 e6 6. Bg5 Be7 7. Qxc4 0-0 8. e3 a6 9. b4 b6 10. Be2 Bb7 11. 0-0 Rc8 12. Rfd1 Nd5 13. Bxe7 Qxe7 14. Nxd5 Bxd5 15. Qc3 Bb7 16. Rac1 Rfd8 17. Qb2 Nf6 18. a3 Ne4 1/2-1/2

[Event "Oberliga Bayern 9900"]
[Site "Bayern"]
[Date "1999.10.10"]
[Round "1.6"]
[White "Kirbach, Thomas"]
[Black "Habermann, Jochen"]
[Result "1/2-1/2"]
[WhiteElo "1985"]
[BlackElo "2125"]
[PlyCount "39"]
[EventDate "1999.10.10"]
[EventType "team-tourn"]
[EventRounds "9"]
[EventCountry "GER"]
[SourceTitle "EXT 2020"]
[Source "ChessBase"]
[SourceDate "2019.10.17"]
[SourceVersion "1"]
[SourceVersionDate "2019.10.17"]
[SourceQuality "1"]
[WhiteTeam "Fuerth SF"]
[BlackTeam "Muenchen 36"]
[WhiteTeamCountry "GER"]
[BlackTeamCountry "GER"]

1. d4 d5 2. c4 dxc4 3. Nf3 Nf6 4. Nc3 a6 5. a4 Bf5 6. e3 e6 7. Bxc4 Be7 8. 0-0 0-0 9. Re1 Ne4 10. Bd3 Nxc3 11. bxc3 Bxd3 12. Qxd3 c5 13. Bd2 Nc6 14. Rab1 Rb8 15. g3 Qd7 16. Qe4 cxd4 17. exd4 b5 18. axb5 Rxb5 19. Rxb5 axb5 20. Ra1 1/2-1/2

[Event "Regionalliga SW 9798"]
[Site "Bayern"]
[Date "1998.??.??"]
[Round "?.2"]
[White "Glaser, Wolfgang"]
[Black "Habermann, Jochen"]
[Result "1-0"]
[WhiteElo "2080"]
[BlackElo "2035"]
[PlyCount "47"]
[EventDate "1997.10.??"]
[EventType "team-tourn"]
[EventRounds "9"]
[EventCountry "GER"]
[SourceTitle "EXT 2020"]
[Source "ChessBase"]
[SourceDate "2019.10.17"]
[SourceVersion "1"]
[SourceVersionDate "2019.10.17"]
[SourceQuality "1"]
[WhiteTeam "Lauingen"]
[BlackTeam "Muenchen 36 II"]
[WhiteTeamCountry "GER"]
[BlackTeamCountry "GER"]

1. e4 d5 2. exd5 Qxd5 3. Nc3 Qa5 4. Bc4 Nf6 5. d4 Bf5 6. Nf3 e6 7. 0-0 c6 8. Ne5 Be7 9. Qe2 0-0 10. Rd1 h6 11. Bd3 Bxd3 12. Rxd3 Nbd7 13. Rg3 Kh8 14. Bd2 Qc7 15. Re1 Rad8 16. Rh3 Nb6 17. Bxh6 gxh6 18. Qe3 Ng8 19. Rxh6+ Kg7 20. Rh3 Rfe8 21. Qg3+ Kf8 22. Rh8 Bf6 23. Qxg8+ Ke7 24. Qxf7+ 1-0

[Event "Regionalliga SW 9697"]
[Site "Bayern"]
[Date "1997.??.??"]
[Round "?"]
[White "Habermann, Jochen"]
[Black "Matevzic, Christian"]
[Result "1/2-1/2"]
[WhiteElo "2015"]
[BlackElo "2140"]
[PlyCount "76"]
[EventDate "1996.10.??"]
[EventType "team-tourn"]
[EventRounds "9"]
[EventCountry "GER"]
[SourceTitle "EXT 1999"]
[Source "ChessBase"]
[SourceDate "1998.11.16"]
[SourceVersion "1"]
[SourceVersionDate "1998.11.16"]
[SourceQuality "1"]
[WhiteTeam "Muenchen 36 II"]
[BlackTeam "Kriegshaber SK"]
[WhiteTeamCountry "GER"]
[BlackTeamCountry "GER"]

1. e4 e6 2. d4 d5 3. exd5 exd5 4. Nf3 Nf6 5. Bg5 Bd6 6. Bd3 0-0 7. 0-0 Bg4 8. Nbd2 Nbd7 9. c3 c6 10. Qc2 Qc7 11. Rfe1 Bh5 12. Bh4 Rfe8 13. Bg3 Bxg3 14. hxg3 Qd6 15. Nf1 Bg6 16. Bxg6 hxg6 17. N1d2 Ng4 18. Rxe8+ Rxe8 19. Re1 Rxe1+ 20. Nxe1 Qe6 21. Ndf3 Ndf6 22. Nd3 Ne4 23. Nfe5 Nxe5 24. Nxe5 g5 25. Qe2 f6 26. Nd3 Kf7 27. f3 Nd6 28. Qxe6+ Kxe6 29. Nc5+ Ke7 30. Kf2 b6 31. Nd3 Nc4 32. Ke2 a5 33. b3 Na3 34. Nb2 Kd6 35. Na4 Kc7 36. Kd3 Nb5 37. Kd2 Nd6 38. g4 Nc8 1/2-1/2

[Event "Regionalliga SW 9697"]
[Site "Bayern"]
[Date "1996.??.??"]
[Round "?"]
[White "Loos, Stephan"]
[Black "Habermann, Jochen"]
[Result "0-1"]
[WhiteElo "2130"]
[BlackElo "2015"]
[PlyCount "70"]
[EventDate "1996.10.??"]
[EventType "team-tourn"]
[EventRounds "9"]
[EventCountry "GER"]
[SourceTitle "EXT 1999"]
[Source "ChessBase"]
[SourceDate "1998.11.16"]
[SourceVersion "1"]
[SourceVersionDate "1998.11.16"]
[SourceQuality "1"]
[WhiteTeam "Muenchen FC Bayern II"]
[BlackTeam "Muenchen 36 II"]
[WhiteTeamCountry "GER"]
[BlackTeamCountry "GER"]

1. d4 d5 2. c4 e6 3. Nc3 Nf6 4. cxd5 exd5 5. Bg5 Be7 6. e3 0-0 7. Bd3 c6 8. Nge2 Nbd7 9. Qc2 Re8 10. 0-0 Nf8 11. Rae1 Ng4 12. Bxe7 Qxe7 13. Ng3 Qh4 14. h3 Nxe3 15. Qc1 Nxf1 16. Rxe8 Nxg3 17. fxg3 Qxd4+ 18. Re3 Bd7 19. Kh2 Re8 20. Rf3 Re7 21. Ne2 Qe5 22. Qc2 b6 23. Rf1 c5 24. b3 Ng6 25. Nf4 Qd6 26. Qf2 Bc6 27. Kg1 b5 28. Rd1 d4 29. Bxg6 hxg6 30. b4 g5 31. bxc5 Qxc5 32. Ne2 Qc2 33. Re1 d3 34. Nd4 Rxe1+ 35. Qxe1 Qxg2# 0-1

[Event "Regionalliga SW 9495"]
[Site "Bayern"]
[Date "1994.??.??"]
[Round "?.6"]
[White "Habermann, Jochen"]
[Black "Weissenburger, Josef"]
[Result "1-0"]
[WhiteElo "1825"]
[BlackElo "1980"]
[PlyCount "75"]
[EventDate "1994.10.??"]
[EventType "team-tourn"]
[EventRounds "9"]
[EventCountry "GER"]
[SourceTitle "EXT 1999"]
[Source "ChessBase"]
[SourceDate "1998.11.16"]
[SourceVersion "1"]
[SourceVersionDate "1998.11.16"]
[SourceQuality "1"]
[WhiteTeam "Muenchen 36 II"]
[BlackTeam "Lauingen"]
[WhiteTeamCountry "GER"]
[BlackTeamCountry "GER"]

1. e4 d5 2. exd5 Qxd5 3. Nc3 Qa5 4. d4 Nf6 5. Bd2 Bg4 6. Be2 Bxe2 7. Qxe2 Nbd7 8. Nf3 c6 9. 0-0 e6 10. Ng5 Qf5 11. Nge4 Be7 12. Rfe1 0-0 13. Rad1 Rfe8 14. Bc1 Rac8 15. a3 Nd5 16. Na2 N7f6 17. Ng3 Qg6 18. c4 Nb6 19. Nc3 h6 20. Nce4 Nbd7 21. b4 b6 22. Bb2 Nxe4 23. Nxe4 Nf6 24. Ng3 Bd6 25. Qd2 Bxg3 26. hxg3 Ne4 27. Qd3 f5 28. Qe3 h5 29. Qf4 Qf6 30. f3 g5 31. Qc1 Nxg3 32. d5 Qg6 33. dxe6 f4 34. Rd7 Nf5 35. Qc3 Qh6 36. Re5 Ne7 37. Rxg5+ Kf8 38. Rxh5 1-0